JAYPEE'S NURSES DICTONARY (Record no. 2122)

MARC details
000 -LEADER
fixed length control field 00330nam a2200145Ia 4500
008 - FIXED-LENGTH DATA ELEMENTS--GENERAL INFORMATION
fixed length control field 150201s2011 xx 000 0 und d
082 ## - DEWEY DECIMAL CLASSIFICATION NUMBER
Classification number 603
Item number J11P
100 ## - MAIN ENTRY--PERSONAL NAME
Personal name PANDA , U.N.
245 ## - TITLE STATEMENT
Title JAYPEE'S NURSES DICTONARY
250 ## - EDITION STATEMENT
Edition statement 3RD
260 ## - PUBLICATION, DISTRIBUTION, ETC. (IMPRINT)
Name of publisher, distributor, etc. JAYPEE
Place of publication, distribution, etc. DELHI
Date of publication, distribution, etc. 2011
300 ## - PHYSICAL DESCRIPTION
Extent 766
650 ## - SUBJECT ADDED ENTRY--TOPICAL TERM
Topical term or geographic name as entry element DICTIONARY
942 ## - ADDED ENTRY ELEMENTS (KOHA)
Source of classification or shelving scheme Dewey Decimal Classification
Koha item type Books
Holdings
Withdrawn status Lost status Source of classification or shelving scheme Damaged status Not for loan Collection code Home library Current library Shelving location Date acquired Source of acquisition Cost, normal purchase price SGTU Bill Number Total Checkouts Full call number Barcode Date last seen Bill Date Koha item type
    Dewey Decimal Classification     NURSING SGT Medical Library SGT Medical Library Dictionary 28/01/2013 NBM DELHI 225.00 SGTU 1345   603 J11P FN965 09/02/2015 28/01/2013 Books
    Dewey Decimal Classification     NURSING SGT Medical Library SGT Medical Library Dictionary 28/01/2013 NBM DELHI 225.00 SGTU 1345   603 J11P FN966 09/02/2015 28/01/2013 Books
    Dewey Decimal Classification     NURSING SGT Medical Library SGT Medical Library Dictionary 28/01/2013 NBM DELHI 225.00 SGTU 1345   603 J11P FN967 09/02/2015 28/01/2013 Books
    Dewey Decimal Classification     NURSING SGT Medical Library SGT Medical Library Dictionary 28/01/2013 NBM DELHI 225.00 SGTU 1345   603 J11P FN968 16/12/2023 28/01/2013 Books
    Dewey Decimal Classification     NURSING SGT Medical Library SGT Medical Library Dictionary 28/01/2013 NBM DELHI 225.00 SGTU 1345   603 J11P FN969 09/02/2015 28/01/2013 Books